000 00642nam a2200181Ia 4500
008 100920s9999 xx 000 0 und d
082 _b79962
_a891.43 न 00
100 _aसुधाकर रामकृष्ण.
245 _aजीन्स और जीवन.
260 _bएजूकेशनल सप्लायर्स एण्ड टै्रडर्स , दिल्ली.
_c2000
300 _a99
_bसाधी
365 _b100
520 _aहिंदी.
630 _aजीन्स और जीवन.
650 _aहिंदी.
730 _aजीन्स और जीवन.
942 _cBOOK
999 _c720910
_d720907